00839nam a22002297a 450000500170000001000150001702000260003203500140005803700090007208200130008110000310009424500820012525000060020726000420021327000740025530000240032950000190035370000370037294200270040999900190043695201540045520241203163353.0 aENG-142788 a9789364441995c650.00 aEN-126320 bDBAD a621.821 aKrishnasamy, Anand 974624 aAlternative Fuels for IC Engines/cby Anand Krishnasamy [and] Saurabh K Gupta a1 aChennaibMc Graw Hill Educationc2024 aAnjana Complex No. 5/90A, Butt Road, St Thomas MountbChennaie600116 axiv,194p.c24cm(pb) aIncludes index aGupta, Saurabh K eAuthor974625 2ddccENh621.8mKRIe1 c207380d207380 001040708NFICaMPbMPd2024-12-03eDelivery of Books Act Divisiong650.00l0o621.8 KRIpEN-126320r2024-12-03 00:00:00t1v650.00w2024-12-03yEN